Países onde existem onças-pintadas - Statistics

Estatísticas Gerais
  • Esse quiz foi jogado 52 vezes
    51 desde o último reset
  • A pontuação média é 16 de 18
Estatísticas das Respostas
Países % Correto
Brasil
100%
Colômbia
98%
Equador
96%
Peru
96%
Suriname
96%
Venezuela
96%
Argentina
93%
Paraguai
93%
Panamá
91%
Bolívia
89%
Costa Rica
89%
Guatemala
89%
Guiana
89%
México
89%
Nicarágua
89%
Belize
84%
Honduras
84%
Estados Unidos
73%
Nenhum quiz correspondente encontrado
Distribuição das Pontuações
Porcentagem de Pessoas com Cada Pontuação
Percentil de Números Respondidos
Sua Pontuação Histórica
Você não jogou esse quiz desde o último reset